Business administration / (Record no. 9125)
[ view plain ]
| 000 -LEADER | |
|---|---|
| fixed length control field | 00780cam a22002177a 4500 |
| 020 ## - ISBN | |
| International Standard Book Number | 9780071748834 (alk. paper) |
| 020 ## - ISBN | |
| International Standard Book Number | 1121660118 |
| 020 ## - ISBN | |
| International Standard Book Number | 9781121660113 |
| 050 00 - LIBRARY OF CONGRESS CALL NUMBER | |
| Classification Number | HD30.28 |
| Item Number | .T57 2012 |
| 100 1# - MAIN ENTRY--Author | |
| Personal name | Zacharakis, Andrew. |
| 245 10 - TITLE | |
| Title | Business administration / |
| Statement of responsibility, etc | Andrew Zacharakis, Stephen Spinelli, Jeffry A. Timmons. |
| 250 ## - EDITIONSTATEMENT | |
| Edition statement | Custom edition for Saint Peters College. |
| 260 ## - PUBLICATION, DISTRIBUTION, ETC.(IMPRINT) | |
| Place of publication, distribution, etc | New York : |
| Name of publisher, distributor, etc | McGraw-Hill, |
| Date of publication, distribution, etc | c2012. |
| 300 ## - PHYSICAL DESCRIPTION | |
| Extent | vii, 403p. : |
| 500 ## - GENERALNOTE | |
| General note | Rev. ed. of: Business plans that work / Jeffry A. Timmons, Stephen Spinelli, Andrew Zacharakis. c2004. |
| 650 ## - SUBJECT--TOPIC | |
| General subdivision | Small business ; |
| -- | Business planning ; |
| -- | Entrepreneurship. |
| 700 1# - ADDED ENTRY--PERSONAL AUTHOR | |
| Personal Name | Spinelli, Stephen, |
| 700 1# - ADDED ENTRY--PERSONAL AUTHOR | |
| Personal Name | Timmons, Jeffry A. |
| 700 1# - ADDED ENTRY--PERSONAL AUTHOR | |
| Personal Name | Timmons, Jeffry A. |
| 942 ## - ADDED ENTRY ELEMENTS(KOHA) | |
| Source of classification or shelving scheme | Library of Congress Classification |
| Koha item type | General circulation |
| Source of classification or shelving scheme | Not for loan | Location (home branch) | Sublocation (holding branch) | Date accessioned | Source of acquisition | Cost, normal purchase price | Full call number | Barcode | Cost, replacement price | Nonpublic note | Koha item type | Public note |
|---|---|---|---|---|---|---|---|---|---|---|---|---|
| Library of Congress Classification | Kitui Town Campus Library | Kitui Town Campus Library | 22/09/2015 | Donation - Books for Africa | 1054.00 | HD 30.28 .T57 | 2015/005879 | 1159.00 | Nzk | General circulation | Nzk |